00462nam a2200145Ia 4500003000900000008004100009040001600050080001600066100002000082245010700102260006100209300001000270650001900280650001700299IN-BaIIA211028s9999 xx 000 0 eng d cIIA Library a535.33bGOO aGood Man, N. R. 0aOn the joint estimation of spectra etccN. R. Good Man  aNew YorkbResearch Division College of Engineeringc1957 a168p. aNASA Thesaurus aSpectroscopy